| 000 | 01690nam a22002777a 4500 | ||
|---|---|---|---|
| 005 | 20120120123538.0 | ||
| 010 | _aB-445580-586 | ||
| 020 |
_a9788125023890 _c795.00 |
||
| 035 | _aB-445580-586 | ||
| 037 |
_adpl _bAllied Pub/Ven |
||
| 082 | _a363.8095452 | ||
| 100 |
_aChakrabarti, Malabika _940936 |
||
| 245 |
_aThe Famine of 1896-1897 in Bengal Availability or Entitlement Crisis ? / _cby Malabika, Chakrabarti |
||
| 260 |
_aHyderabad _bOrient Longman _c2004 |
||
| 270 |
_a3-6-752 Himayatnagar _bHyderbad _e500029 (A.P.) India |
||
| 300 |
_ax,541p. _c21cm(Hb) |
||
| 942 |
_2ddc _cEN _mCHA _h363.8095452 |
||
| 999 |
_c61311 _d61311 |
||